| 000 | 00000nam##2200000za#4500 |
| 001 | 9.697982 |
| 003 | CaOODSP |
| 005 | 20210624235725 |
| 007 | cr ||||||||||| |
| 008 | 150407|2010||||xxc|||||o f|0| 0 eng|d |
| 040 | |aCaOODSP|beng |
| 043 | |an-cn--- |
| 086 | 1 |aCi96-114/2010E-PDF |
| 110 | 1 |aCanada. |bCitizenship and Immigration Canada. |
| 245 | 10|aEvaluation of Canada's Action Plan Against Racism / |h[electronic resource]|c[issued by] Evaluation Division. |
| 260 | |aOttawa - Ontario : |bCitizenship and Immigration Canada |cDecember 2010. |
| 300 | |a69p.|breferences, tables |
| 500 | |aThe catalogue number (Ci96-114/2010E) and ISBN (978-100-17741-0) for the print edition have been incorrectly copied in this electronic publication. |
| 590 | |a13-15-Supp|b2013-06-24 |
| 690 | 07|aPrevention|2gcpds |
| 690 | 07|aProgram assessment|2gcpds |
| 690 | 07|aRacial discrimination|2gcpds |
| 775 | 08|tÉvaluation du Plan d'action canadien contre le racisme / |w(CaOODSP)9.641967 |
| 856 | 40|ahttp://publications.gc.ca|qPDF|s941 KB|uhttps://publications.gc.ca/collections/collection_2013/cic/Ci96-114-2010-eng.pdf |
| 986 | |aER201103_01E |